000 01011nam a2200265Ia 4500
003 OSt
005 20221005104408.0
006 a|||||r|||| 00| 0
007 ta
008 221004b |||||||| |||| 00| 0 hin d
020 _a8186050760 (hbk)
_c1500
024 _a21936
037 _b273, 03/03/2015, Eastern Book Linkers
_cTextual
040 _aCRL
_cCRL
_bhin
041 _2hin
_ahin
082 _aV2:72(Q), 152P2
100 _aओझा, गौरीशंकर हीराचन्द
245 0 _aअशोक कालीन धार्मिक अभिलेख
246 _aAshok kālīn dhārmik abhilekha
260 _aदिल्ली
_bभारतीय कला प्रकाशन भारत
_c2002
300 _a112पृ0
_ccm.
650 _aविश्व-इतिहास
942 _hV2:72(Q), 152P2
_cTEXL
_2cc
999 _c1012582
_d1012582